Govt. of
Madhya Pradesh

Encyclopedia of Educational Research (Record no. 39699)

MARC details
000 -LEADER
fixed length control field 004360000a22001690004500
003 - CONTROL NUMBER IDENTIFIER
control field MACL
005 - DATE AND TIME OF LATEST TRANSACTION
control field 20151217145142.0
008 - FIXED-LENGTH DATA ELEMENTS--GENERAL INFORMATION
fixed length control field 151217b xxu||||| |||| 00| 0 eng d
040 ## - CATALOGING SOURCE
Original cataloging agency MACL
Transcribing agency MACL
041 ## - LANGUAGE CODE
Language code of text/sound track or separate title English
082 ## - DEWEY DECIMAL CLASSIFICATION NUMBER
Classification number 030/SEL
100 ## - MAIN ENTRY--PERSONAL NAME
Personal name Monroe, Walter S
9 (RLIN) 20810
245 ## - TITLE STATEMENT
Title Encyclopedia of Educational Research
260 ## - PUBLICATION, DISTRIBUTION, ETC. (IMPRINT)
Name of publisher, distributor, etc. The Macmillan Company
Date of publication, distribution, etc. 1952
650 ## - SUBJECT ADDED ENTRY--TOPICAL TERM
Topical term or geographic name as entry element Encyclopaedia
9 (RLIN) 20811
942 ## - ADDED ENTRY ELEMENTS (KOHA)
Koha item type Books
Call number prefix 030/MON
Source of classification or shelving scheme
Holdings
Withdrawn status Lost status Source of classification or shelving scheme Damaged status Not for loan Home library Current library Date acquired Total Checkouts Full call number Barcode Date last seen Uniform Resource Identifier Price effective from Koha item type
          MACL MACL 15/04/2015   030/MON CRB006831 29/04/2015 39936 15/04/2015 Books